Barenaked Ladies- One Week Lyrics - Statistics

General Stats
  • This quiz has been taken 22 times
  • The average score is 393 of 591
Answer Stats
% Correct
a
100%
and
100%
And
100%
at
100%
be
100%
been
100%
I
100%
it
100%
It's
100%
it's
100%
looked
100%
me
100%
me"
100%
me,
100%
on
100%
on,
100%
one
100%
one,
100%
since
100%
the
100%
We
100%
we
100%
week
100%
you
100%
You
100%
"You
100%
"I'm
93%
I'm
93%
so
93%
to
93%
your
93%
days
86%
Five
86%
said,
86%
sorry
86%
sorry,
86%
sorry",
86%
do"
79%
do?
79%
in
79%
la
79%
then
79%
try
79%
two
79%
when
79%
have
71%
my
71%
of
71%
think
71%
Three
71%
three
71%
what
71%
who
71%
but
64%
But
64%
can
64%
Can't
64%
'cause
64%
Cause
64%
chicken,
64%
Chinese
64%
come
64%
could
64%
don't
64%
funny
64%
head
64%
I've
64%
just
64%
laughed
64%
living
64%
mad
64%
mad?
64%
no
64%
not
64%
room
64%
room,
64%
side
64%
that
64%
with
64%
you're
64%
"You're
64%
angry"
57%
fault,
57%
fault
57%
if
57%
is
57%
know
57%
like
57%
Like
57%
mean?
57%
never
57%
say
57%
smile,
57%
this
57%
too
57%
understand
57%
wear
57%
we're
57%
were
57%
will
57%
all
50%
back
50%
bad,
50%
because
50%
both
50%
China,
50%
Cocked
50%
did
50%
funeral
50%
funeral,
50%
"Get
50%
get
50%
Gonna
50%
gonna
50%
got
50%
hard
50%
How
50%
now
50%
see
50%
smiled
50%
soon
50%
soon,
50%
still
50%
stop
50%
take
50%
tell
50%
thing,
50%
though
50%
Trying
50%
Well,
50%
you'd
50%
You'll
50%
you'll
50%
afternoon,
43%
always
43%
arms
43%
As
43%
blame,
43%
couldn't
43%
crazy"
43%
drumstick
43%
feel
43%
find
43%
Gotta
43%
guy
43%
has
43%
help
43%
home
43%
hope
43%
I'd
43%
it'll
43%
It'll
43%
kind
43%
knees
43%
laughs
43%
make
43%
Man's
43%
off
43%
Saying
43%
shirt
43%
shirt,
43%
Smoking
43%
taking
43%
tendency
43%
thought
43%
through
43%
'til
43%
wrong
43%
X-Files
43%
about
36%
air
36%
anime
36%
Aquaman
36%
brain
36%
burns
36%
Chickity
36%
Dropped
36%
flying
36%
forgiven
36%
frying
36%
getting
36%
grow
36%
Hold
36%
hold
36%
lights
36%
looking
36%
losing
36%
Moon
36%
pan,
36%
realized
36%
rug
36%
Sailor
36%
show,
36%
sleeve
36%
sleeve,
36%
stops
36%
swing,
36%
they'd
36%
Threw
36%
tickin',
36%
touched
36%
value
36%
watch
36%
Watching
36%
Yesterday
36%
Yesterday,
36%
aren't
29%
babes
29%
Bert
29%
Big
29%
Birchmount
29%
boom
29%
break
29%
bust
29%
dangerous,
29%
dish
29%
films,
29%
finest
29%
fish
29%
flavors
29%
Ford,
29%
guaranteed
29%
Harrison
29%
history
29%
hits
29%
hoodwink
29%
Hot
29%
maison,
29%
match
29%
mind
29%
rhymes
29%
Robbie
29%
samurai,
29%
satisfy
29%
shake
29%
sign
29%
sit
29%
Snickers,
29%
Stadium,
29%
sushi
29%
tackled
29%
tantric
29%
tune
29%
vanilla,
29%
vertigo
29%
wait
29%
waiver
29%
wasabi
29%
"Wasabi",
29%
wits,
29%
aching
21%
although
21%
better
21%
cartoon
21%
Chalet
21%
clubs,
21%
dans
21%
fake
21%
frantic,
21%
irons
21%
Kaempfert's
21%
'Kay,
21%
Kurosawa,
21%
LeAnn
21%
moment
21%
nubs
21%
Rimes,
21%
set
21%
sides
21%
Sting,
21%
stinking
21%
summon
21%
Swiss,
21%
tiny
21%
together,
21%
No matching quizzes found
Score Distribution
Percent of People with Each Score
Percentile by Number Answered
Your Score History
You have not taken this quiz